Online Catalogue and eLibrary

Ardhanari (Record no. 5315)

MARC details
000 -LEADER
fixed length control field 00405nam a2200157Ia 4500
005 - DATE AND TIME OF LATEST TRANSACTION
control field 20250305004047.0
008 - FIXED-LENGTH DATA ELEMENTS--GENERAL INFORMATION
fixed length control field 240331s9999 xx 000 0 und d
020 ## - INTERNATIONAL STANDARD BOOK NUMBER
ISBN 9559757016
082 ## - DDC Classification
Item Number - Author Mark KUR
Class No. 891
100 ## - MAIN ENTRY--PERSONAL NAME
Personal name Kuruppu,B.B
245 #0 - TITLE STATEMENT
Title Ardhanari
260 ## - PUBLICATION, DISTRIBUTION, ETC.
Place of publication, distribution, etc. Nugegoda
Name of publisher, distributor, etc. Piyasiri Printing systems
Date of publication, distribution, etc. 2002
300 ## - PHYSICAL DESCRIPTION
Extent (e.g. Volumes, Pages etc.) Xvii, 339 p .,
500 ## - GENERAL NOTE
General note story of a prisoner in a camp in China
942 ## - Koha item type (Biblio)
Koha item type Books in Stacks (Lending)
Holdings
Lost status Damaged status Collection code Home library Current library Shelving location Date acquired Full call number Accession Number Item type
    Lending WERC Library WERC Library Social Science Cupboard 03/31/2024 891.811 KUR 1801 Books in Stacks (Lending)

© WERC Library